Formula 1: Drivers in the Lead for an Entire Season - Statistics

General Stats
  • This quiz has been taken 1,632 times
  • The average score is 10 of 11
Answer Stats
Driver Country % Correct
Lewis Hamilton United Kingdom
98%
Ayrton Senna Brazil
97%
Michael Schumacher Germany
97%
Sebastian Vettel Germany
93%
Juan Manuel Fangio Argentina
92%
Alberto Ascari Italy
86%
Damon Hill United Kingdom
81%
Nigel Mansell United Kingdom
79%
Jack Brabham Australia
78%
Jenson Button United Kingdom
76%
Jackie Stewart United Kingdom
74%
No matching quizzes found
Score Distribution
Percent of People with Each Score
Percentile by Number Answered
Your Score History
You have not taken this quiz